| 000 | 00861nam a2200229 i 4500 | ||
|---|---|---|---|
| 001 | 58552 | ||
| 003 | ES-MaACL | ||
| 005 | 20250830063051.0 | ||
| 007 | t| | ||
| 008 | 031022s1982 sp ||||1| spa d | ||
| 100 | 1 |
_aDurkheim, Émile, _d1858-1917 _946302 |
|
| 245 | 1 | 0 |
_aHistoria de la educación y de las doctrinas pedagógicas _b: la evolución pedagógica en Francia / _cEmile Durkheim ; presentación de Félix Ortega ; traducción, María Luisa Delgado y Félix Ortega. |
| 260 |
_a[Madrid] : _bLa Piqueta, _c[1982] |
||
| 300 |
_a430 p. ; _c20 cm. |
||
| 490 | 1 |
_aGenealogía del poder ; _v8 |
|
| 650 | 7 |
_aPedagogía- _zFrancia _2 _9169861 |
|
| 700 | 1 |
_aOrtega, Félix. _987406 |
|
| 700 | 1 |
_aDelgado, María Luisa. _943424 |
|
| 830 | 0 |
_aGenealogía del poder ; _v8 _9179409 |
|
| 852 |
_aES-MaACL _jL-7161 _bR.107734 |
||
| 999 |
_c58552 _d58552 |
||